Venire contra factum proprium: escritos sobre la fundamentación, alcance y límites de la doctrina de los actos propios
Guardat en:
| Autors principals: | , , , , |
|---|---|
| Altres autors: | , |
| Format: | Llibre |
| Idioma: | espanyol |
| Publicat: |
Santiago
Universidad de Los Andes
2010
|
| Col·lecció: | Cuadernos de Extensión Jurídica, 18
|
| Matèries: | |
| Etiquetes: |
Afegir etiqueta
Sense etiquetes, Sigues el primer a etiquetar aquest registre!
|
MARC
| LEADER | 00000nam a2200000 a 4500 | ||
|---|---|---|---|
| 001 | UCG1894 | ||
| 003 | CL-VaPUC | ||
| 008 | 100531e20100000CL |||||||||||||||||spa|d | ||
| 020 | |a 9789567160570 | ||
| 082 | 0 | 4 | |a 346.013 |b BOR |2 21 |
| 100 | 0 | |a Borda, Alejandro |e author |9 550004 | |
| 700 | 0 | |a Contardo González, Juan Ignacio |e author |9 337 | |
| 700 | 0 | |a Corral Talciani, Hernán Felipe |e author |9 550005 | |
| 700 | |a Illanes Ríos, Claudio |e autor |9 550006 | ||
| 700 | |a Lyon Puelma, Alberto |e autor |9 593245 | ||
| 700 | 0 | |a Romero Seguel, Alejandro |e author |9 550008 | |
| 700 | 0 | |a Sierra Herrero, Alfredo |e author |9 550009 | |
| 245 | 1 | 0 | |a Venire contra factum proprium: escritos sobre la fundamentación, alcance y límites de la doctrina de los actos propios |
| 300 | |a 151 p | ||
| 942 | |c BK | ||
| 945 | |d 20100531 00:00:00 |a rbrito | ||
| 260 | |a Santiago |b Universidad de Los Andes |c 2010 | ||
| 650 | 0 | |a Derecho de familia |9 255603 | |
| 650 | 0 | |a Jurisprudencia |9 255952 | |
| 583 | |a last modification |c 20170406 12:46:40 |k Rodrigo Vera | ||
| 490 | 0 | |a Cuadernos de Extensión Jurídica, 18 | |
| 999 | |c 341152 |d 341150 | ||
| 952 | |0 0 |1 0 |4 0 |6 346_013000000000000_BOR_2010 |7 0 |8 A |9 436441 |a BIBDER |b BIBDER |d 2019-11-22 |i 468091K |l 1 |o 346.013 BOR 2010 |p 468091K |r 2024-10-30 |s 2024-10-30 |w 2019-11-22 |y BK |k DER | ||
| 952 | |0 0 |1 0 |4 0 |6 346_013000000000000_BOR_2010 |7 0 |8 A |9 436442 |a BIBDER |b BIBDER |d 2019-11-22 |i 4686918 |o 346.013 BOR 2010 |p 4686918 |r 2023-01-25 |w 2019-11-22 |y BK |k DER | ||